<?xml version="1.0" encoding="UTF-8"?>
<record
    xmlns:xsi="http://www.w3.org/2001/XMLSchema-instance"
    xsi:schemaLocation="http://www.loc.gov/MARC21/slim http://www.loc.gov/standards/marcxml/schema/MARC21slim.xsd"
    xmlns="http://www.loc.gov/MARC21/slim">

  <leader>00425    a2200169   4500</leader>
  <controlfield tag="005">20250614065350.0</controlfield>
  <datafield tag="020" ind1=" " ind2=" ">
    <subfield code="a">978-0-07-312368</subfield>
  </datafield>
  <datafield tag="082" ind1=" " ind2=" ">
    <subfield code="a">658.40 HAA</subfield>
  </datafield>
  <datafield tag="100" ind1=" " ind2=" ">
    <subfield code="a">HAAG, S</subfield>
  </datafield>
  <datafield tag="245" ind1=" " ind2=" ">
    <subfield code="a">Business Driven Technology</subfield>
  </datafield>
  <datafield tag="250" ind1=" " ind2=" ">
    <subfield code="a">2nd Ed.</subfield>
  </datafield>
  <datafield tag="260" ind1=" " ind2=" ">
    <subfield code="a">Boston</subfield>
    <subfield code="b">McGraw-Hill Irwin</subfield>
    <subfield code="c">2008.</subfield>
  </datafield>
  <datafield tag="300" ind1=" " ind2=" ">
    <subfield code="a">610p.:ill.;diagrams</subfield>
    <subfield code="b">Glossary and Index</subfield>
    <subfield code="c">28cm</subfield>
  </datafield>
  <datafield tag="700" ind1=" " ind2=" ">
    <subfield code="a">Paige Baltaz</subfield>
  </datafield>
  <datafield tag="700" ind1=" " ind2=" ">
    <subfield code="a">Amy Philips</subfield>
  </datafield>
  <datafield tag="942" ind1=" " ind2=" ">
    <subfield code="2">ddc</subfield>
    <subfield code="c">BKS</subfield>
  </datafield>
  <datafield tag="999" ind1=" " ind2=" ">
    <subfield code="c">4023</subfield>
    <subfield code="d">4023</subfield>
  </datafield>
  <datafield tag="952" ind1=" " ind2=" ">
    <subfield code="r">2025-06-14 06:55:38</subfield>
    <subfield code="l">0</subfield>
    <subfield code="o">568.40 HAA</subfield>
    <subfield code="p">MZA0001001</subfield>
    <subfield code="v">150000.00</subfield>
    <subfield code="w">2025-06-14</subfield>
    <subfield code="y">BKS</subfield>
    <subfield code="1">0</subfield>
    <subfield code="2">ddc</subfield>
    <subfield code="4">0</subfield>
    <subfield code="7">0</subfield>
    <subfield code="0">0</subfield>
    <subfield code="a">003</subfield>
    <subfield code="b">003</subfield>
    <subfield code="c">GEN</subfield>
    <subfield code="d">2007-07-01</subfield>
    <subfield code="e">Library Budget</subfield>
    <subfield code="g">50000.00</subfield>
  </datafield>
  <datafield tag="952" ind1=" " ind2=" ">
    <subfield code="r">2025-06-14 06:55:38</subfield>
    <subfield code="l">0</subfield>
    <subfield code="o">568.40 HAA</subfield>
    <subfield code="p">MZA0001002</subfield>
    <subfield code="v">150000.00</subfield>
    <subfield code="w">2025-06-14</subfield>
    <subfield code="y">BKS</subfield>
    <subfield code="1">0</subfield>
    <subfield code="2">ddc</subfield>
    <subfield code="4">0</subfield>
    <subfield code="7">0</subfield>
    <subfield code="0">0</subfield>
    <subfield code="a">003</subfield>
    <subfield code="b">003</subfield>
    <subfield code="c">GEN</subfield>
    <subfield code="d">2007-07-01</subfield>
    <subfield code="e">Library Budget</subfield>
    <subfield code="g">50000.00</subfield>
  </datafield>
  <datafield tag="952" ind1=" " ind2=" ">
    <subfield code="r">2025-06-14 06:55:38</subfield>
    <subfield code="l">0</subfield>
    <subfield code="o">568.40 HAA</subfield>
    <subfield code="p">MZA0001003</subfield>
    <subfield code="v">150000.00</subfield>
    <subfield code="w">2025-06-14</subfield>
    <subfield code="y">BKS</subfield>
    <subfield code="1">0</subfield>
    <subfield code="2">ddc</subfield>
    <subfield code="4">0</subfield>
    <subfield code="7">0</subfield>
    <subfield code="0">0</subfield>
    <subfield code="a">003</subfield>
    <subfield code="b">003</subfield>
    <subfield code="c">GEN</subfield>
    <subfield code="d">2007-07-01</subfield>
    <subfield code="e">Library Budget</subfield>
    <subfield code="g">50000.00</subfield>
  </datafield>
  <datafield tag="952" ind1=" " ind2=" ">
    <subfield code="r">2025-06-14 06:55:38</subfield>
    <subfield code="l">0</subfield>
    <subfield code="o">568.40 HAA</subfield>
    <subfield code="p">MZA0001004</subfield>
    <subfield code="v">150000.00</subfield>
    <subfield code="w">2025-06-14</subfield>
    <subfield code="y">BKS</subfield>
    <subfield code="1">0</subfield>
    <subfield code="2">ddc</subfield>
    <subfield code="4">0</subfield>
    <subfield code="7">0</subfield>
    <subfield code="0">0</subfield>
    <subfield code="a">003</subfield>
    <subfield code="b">003</subfield>
    <subfield code="c">GEN</subfield>
    <subfield code="d">2007-07-01</subfield>
    <subfield code="e">Library Budget</subfield>
    <subfield code="g">50000.00</subfield>
  </datafield>
  <datafield tag="952" ind1=" " ind2=" ">
    <subfield code="r">2025-06-14 06:55:38</subfield>
    <subfield code="l">0</subfield>
    <subfield code="o">568.40 HAA</subfield>
    <subfield code="p">MZA0001005</subfield>
    <subfield code="v">150000.00</subfield>
    <subfield code="w">2025-06-14</subfield>
    <subfield code="y">BKS</subfield>
    <subfield code="1">0</subfield>
    <subfield code="2">ddc</subfield>
    <subfield code="4">0</subfield>
    <subfield code="7">0</subfield>
    <subfield code="0">0</subfield>
    <subfield code="a">003</subfield>
    <subfield code="b">003</subfield>
    <subfield code="c">GEN</subfield>
    <subfield code="d">2007-07-01</subfield>
    <subfield code="e">Library Budget</subfield>
    <subfield code="g">50000.00</subfield>
  </datafield>
  <datafield tag="952" ind1=" " ind2=" ">
    <subfield code="r">2025-06-14 06:55:38</subfield>
    <subfield code="l">0</subfield>
    <subfield code="o">568.40 HAA</subfield>
    <subfield code="p">MZA0001006</subfield>
    <subfield code="v">150000.00</subfield>
    <subfield code="w">2025-06-14</subfield>
    <subfield code="y">BKS</subfield>
    <subfield code="1">0</subfield>
    <subfield code="2">ddc</subfield>
    <subfield code="4">0</subfield>
    <subfield code="7">0</subfield>
    <subfield code="0">0</subfield>
    <subfield code="a">003</subfield>
    <subfield code="b">003</subfield>
    <subfield code="c">GEN</subfield>
    <subfield code="d">2007-07-01</subfield>
    <subfield code="e">Library Budget</subfield>
    <subfield code="g">50000.00</subfield>
  </datafield>
  <datafield tag="952" ind1=" " ind2=" ">
    <subfield code="r">2025-06-14 06:55:38</subfield>
    <subfield code="l">0</subfield>
    <subfield code="o">568.40 HAA</subfield>
    <subfield code="p">MZA0001007</subfield>
    <subfield code="v">150000.00</subfield>
    <subfield code="w">2025-06-14</subfield>
    <subfield code="y">BKS</subfield>
    <subfield code="1">0</subfield>
    <subfield code="2">ddc</subfield>
    <subfield code="4">0</subfield>
    <subfield code="7">0</subfield>
    <subfield code="0">0</subfield>
    <subfield code="a">003</subfield>
    <subfield code="b">003</subfield>
    <subfield code="c">GEN</subfield>
    <subfield code="d">2007-07-01</subfield>
    <subfield code="e">Library Budget</subfield>
    <subfield code="g">50000.00</subfield>
  </datafield>
  <datafield tag="952" ind1=" " ind2=" ">
    <subfield code="r">2025-06-14 06:55:38</subfield>
    <subfield code="l">0</subfield>
    <subfield code="o">568.40 HAA</subfield>
    <subfield code="p">MZA0001008</subfield>
    <subfield code="v">150000.00</subfield>
    <subfield code="w">2025-06-14</subfield>
    <subfield code="y">BKS</subfield>
    <subfield code="1">0</subfield>
    <subfield code="2">ddc</subfield>
    <subfield code="4">0</subfield>
    <subfield code="7">0</subfield>
    <subfield code="0">0</subfield>
    <subfield code="a">003</subfield>
    <subfield code="b">003</subfield>
    <subfield code="c">GEN</subfield>
    <subfield code="d">2007-07-01</subfield>
    <subfield code="e">Library Budget</subfield>
    <subfield code="g">50000.00</subfield>
  </datafield>
  <datafield tag="952" ind1=" " ind2=" ">
    <subfield code="r">2025-06-14 06:55:38</subfield>
    <subfield code="l">0</subfield>
    <subfield code="o">568.40 HAA</subfield>
    <subfield code="p">MZA0001009</subfield>
    <subfield code="v">150000.00</subfield>
    <subfield code="w">2025-06-14</subfield>
    <subfield code="y">BKS</subfield>
    <subfield code="1">0</subfield>
    <subfield code="2">ddc</subfield>
    <subfield code="4">0</subfield>
    <subfield code="7">0</subfield>
    <subfield code="0">0</subfield>
    <subfield code="a">003</subfield>
    <subfield code="b">003</subfield>
    <subfield code="c">GEN</subfield>
    <subfield code="d">2007-07-01</subfield>
    <subfield code="e">Library Budget</subfield>
    <subfield code="g">50000.00</subfield>
  </datafield>
  <datafield tag="952" ind1=" " ind2=" ">
    <subfield code="r">2025-06-14 06:55:38</subfield>
    <subfield code="l">0</subfield>
    <subfield code="o">568.40 HAA</subfield>
    <subfield code="p">MZA0001010</subfield>
    <subfield code="v">150000.00</subfield>
    <subfield code="w">2025-06-14</subfield>
    <subfield code="y">BKS</subfield>
    <subfield code="1">0</subfield>
    <subfield code="2">ddc</subfield>
    <subfield code="4">0</subfield>
    <subfield code="7">0</subfield>
    <subfield code="0">0</subfield>
    <subfield code="a">003</subfield>
    <subfield code="b">003</subfield>
    <subfield code="c">GEN</subfield>
    <subfield code="d">2007-07-01</subfield>
    <subfield code="e">Library Budget</subfield>
    <subfield code="g">50000.00</subfield>
  </datafield>
</record>
